|
|
|
|
| LEADER |
00964nam a2200217 i 4500 |
| 003 |
GR-PaULI |
| 005 |
20210117210658.0 |
| 008 |
180716s1985 enk||||g |||| 00| d eng d |
| 020 |
|
|
|a 057113615X
|
| 040 |
|
|
|a GR-PaULI
|b gre
|c GR-PaULI
|e AACR2
|
| 082 |
0 |
4 |
|2 23
|a 812.54
|
| 100 |
1 |
|
|a Shepard, Sam,
|d 1943-2017
|e συγγραφέας
|9 170123
|
| 245 |
0 |
0 |
|a Seven plays /
|c Sam Shepard ; introduction by Richard Gilman.
|
| 260 |
|
|
|a London :
|b Faber and faber,
|c 1985.
|
| 300 |
|
|
|a xxvii, 336 σ. ;
|c 20 εκ.
|
| 505 |
0 |
|
|a True west -- Buried child -- Curse of the starving class -- The toothe crime -- La turista -- Tongues -- Savage/love.
|
| 650 |
|
4 |
|9 6024
|a Αμερικανικό δράμα
|y 20ός αιώνας
|
| 942 |
|
|
|2 ddc
|c BK15
|
| 952 |
|
|
|0 0
|1 0
|2 ddc
|4 0
|6 812_540000000000000_SHE
|7 0
|9 224364
|a THST
|b THST
|d 2018-07-16
|i 005549
|l 1
|o 812.54 SHE
|p 025000014526
|r 2021-11-24 00:00:00
|s 2021-11-09
|t 1
|v 2018.00
|w 2018-07-16
|y BK15
|
| 998 |
|
|
|c ΜΑΝΙΑ
|d 2018-07
|
| 999 |
|
|
|c 135493
|d 135493
|